Literatura costarricense: Antología y biografías para escuelas y colegios
Guardado en:
| Autor principal: | |
|---|---|
| Formato: | Libro |
| Lenguaje: | Undetermined |
| Publicado: |
San José, Costa Rica
Alsina
1932
|
| Materias: | |
| Etiquetas: |
Agregar Etiqueta
Sin Etiquetas, Sea el primero en etiquetar este registro!
|
MARC
| LEADER | 00000nam a2200000Ia 4500 | ||
|---|---|---|---|
| 008 | 170316s9999 xx 000 0 und d | ||
| 040 | |a cru BVZT | ||
| 090 | |a A-868 S-3L | ||
| 100 | |a Sotela, Rogelio |9 1510 | ||
| 245 | |a Literatura costarricense: Antología y biografías para escuelas y colegios |c / Rogelio Sotela | ||
| 260 | |a San José, Costa Rica | ||
| 260 | |b Alsina | ||
| 260 | |c 1932 | ||
| 300 | |a 200 páginas | ||
| 650 | |a LITERATURA COSTARRICENSE |9 17 | ||
| 650 | |a ANTOLOGÍA |9 80 | ||
| 999 | |c 12617 |d 12617 | ||
| 942 | |c 15 D |h A-868 S-3L |2 z | ||
